1867 1499 1444 1626 1471 1853 1281 1650 1609 1730 1039 1917 1110 1882 1168 1310 1813 1763 1418 1334 1509 1134 1871 1186 1637 1623 1252 1816 1776 1881 1420 1979 1000 1490 1130 1307 1009 1430 1225 1359 1534 1538 1522 1149 1050 1241 1221 1704 1963 1639 1016 1733 1387 1907 1780 1473 1248 1099 1364 1068 1278 1886 1530 1720 1782 1585 1305 1824 1480 1304 1996 1572 1789 1015 1920 1568 1394 1696 1042 1417 1776 1622 1319 1774 1176 1058 1856 1416 1301 1798 1516 1418 1820 1835 1530 1687 1254 1387 1754 BCNSPRNW ULIB Ver.6.0+V

เปลี่ยนเป็นภาษาไทย

Change to English
 แสดงรายละเอียดบรรณานุกรม
  กลับหน้าหลัก

Brief Record : Get Marc (ISO 2709) : E-mail record : QR code < ปิดหน้าต่าง
LEADER : 00000nam 2200000uu 4500
001    13399111449
003     ULIB
008    110627s||||||||th 000 0 tha d
020    9786165001311
090    นว.^bก832ค 2554
100 0  เก้าแต้ม
245 00 คุณชายพุฒิภัทร/^cเก้าแต้ม
250    พิมพ์ครั้งที่ 1
260    กรุงเทพฯ :^bพิมพ์คำ,^c2554
300    454 หน้า
490 0  นวนิยายชุด สุภาพบุรุษจุฑาเทพ
945    ^p270^l0^i030170
995    ทศพร
999 ^a ใช้งานได้ทุกระบบ
รายการนี้ยังไม่มีแท็ก
คุณยังไม่ได้ล็อกอิน คุณสามารถมีกิจกรรมร่วมกับเว็บไซต์ได้ แต่ต้องล็อกอินก่อน ::
  ล็อกอิน

รายการสื่อสารสนเทศ

ลำดับที่ ประเภท เลขเรียก/บาร์โค้ด สถานที่ สถานะ
1. นวนิยาย
นวนิยาย
นว. ก832ค 2554 ฉ.1 
  Barcode: 030170
ห้องสมุดวิทยาเขตสวรรค์ประชารักษ์
►นวนิยาย
บนชั้น
  ขอยืม

รายการใกล้เคียง
    ผู้แต่ง [เก้าแต้ม]

BibComment


ยังไม่เคยถูกคอมเมนท์

คอมเมนท์ทรัพยากรรายการนี้
  คอมเมนท์: คุณชายพุฒิภัทร เก..


 Copyright 2026. Bcnsprnw @Library